Derecho del trabajo (Registro nro. 8441)

Detalles MARC
000 -LEADER
fixed length control field 00838nas a2200265 454500
001 - CONTROL NUMBER
control field 10447
005 - DATE AND TIME OF LATEST TRANSACTION
control field 20260407193504.0
008 - FIXED-LENGTH DATA ELEMENTS--GENERAL INFORMATION
fixed length control field 260407s2012####ag###########|||spa#d
003 - CONTROL NUMBER IDENTIFIER
control field AR-UNSa-BCEJYS
040 ## - CATALOGING SOURCE
Original cataloging agency AR-UNSa-BCEJYS
Language of cataloging spa
Transcribing agency AR-UNSa-BCEJYS
080 ## - UNIVERSAL DECIMAL CLASSIFICATION NUMBER
Universal Decimal Classification number 349.2
Common auxiliary subdivision Derecho del Trabajo
022 ## - INTERNATIONAL STANDARD SERIAL NUMBER
International Standard Serial Number 2250-7612
100 1# - MAIN ENTRY--PERSONAL NAME
Personal name Fera, Mario S.
245 10 - TITLE STATEMENT
Title Derecho del trabajo
264 #1 - PRODUCTION, PUBLICATION, DISTRIBUTION, MANUFACTURE, AND COPYRIGHT NOTICE
Place of production, publication, distribution, manufacture Buenos Aires :
Name of producer, publisher, distributor, manufacturer Ministerio de Justicia y Derechos Humanos de la Nación
Date of production, publication, distribution, manufacture, or copyright notice 2012
310 ## - CURRENT PUBLICATION FREQUENCY
Current publication frequency Frecuencia: Cuatrimestral
590 ## - LOCAL NOTE (RLIN)
Local note niveau_biblio:s niveau_hierar:1
650 ## - SUBJECT ADDED ENTRY--TOPICAL TERM
Topical term or geographic name entry element Trabajo
650 ## - SUBJECT ADDED ENTRY--TOPICAL TERM
Topical term or geographic name entry element Empleo
650 ## - SUBJECT ADDED ENTRY--TOPICAL TERM
Topical term or geographic name entry element Derecho del trabajo
650 ## - SUBJECT ADDED ENTRY--TOPICAL TERM
Topical term or geographic name entry element Contratación
700 1# - ADDED ENTRY--PERSONAL NAME
Personal name Recalde, Héctor P.
856 41 - ELECTRONIC LOCATION AND ACCESS
Uniform Resource Identifier <a href="https://biblioeco.unsa.edu.ar/pmb/images/revistas/Derecho del Trabajo.jpg">https://biblioeco.unsa.edu.ar/pmb/images/revistas/Derecho del Trabajo.jpg</a>
Link text Imagen de portada
Electronic format type image/jpeg
942 ## - ADDED ENTRY ELEMENTS (KOHA)
Koha item type
Existencias
Withdrawn status Lost status Damaged status Not for loan Home library Current library Shelving location Date acquired Serial enumeration / chronology Total checkouts Full call number Barcode Date last seen Price effective from Koha item type
        Biblioteca Prof. Eusebio Cleto del Rey Biblioteca Prof. Eusebio Cleto del Rey   01/09/2015 Año IV, Nº 10 - sep. 2015   H349.2 TRA 10 R17594 10/04/2026 10/04/2026 Numero
        Biblioteca Prof. Eusebio Cleto del Rey Biblioteca Prof. Eusebio Cleto del Rey   01/12/2014 Año III, Nº 9 - dic. 2014   H349.2 TRA 9 R13721 10/04/2026 10/04/2026 Numero
        Biblioteca Prof. Eusebio Cleto del Rey Biblioteca Prof. Eusebio Cleto del Rey   01/06/2014 Año III, Nº 8 - jun. 2014   H349.2 TRA 8 R12487 10/04/2026 10/04/2026 Numero
        Biblioteca Prof. Eusebio Cleto del Rey Biblioteca Prof. Eusebio Cleto del Rey   01/01/2014 Año II, Nº 7 - ene. 2014   H349.2 TRA 7 R10573 10/04/2026 10/04/2026 Numero
        Biblioteca Prof. Eusebio Cleto del Rey Biblioteca Prof. Eusebio Cleto del Rey   01/06/2013 Año II, Nº 5 - jun. 2013   H349.2 TRA 5 R08404 10/04/2026 10/04/2026 Numero
        Biblioteca Prof. Eusebio Cleto del Rey Biblioteca Prof. Eusebio Cleto del Rey   01/06/2013 Año II, Nº 5 - jun. 2013   H349.2 TRA 5 Ej.2 R08405 10/04/2026 10/04/2026 Numero
        Biblioteca Prof. Eusebio Cleto del Rey Biblioteca Prof. Eusebio Cleto del Rey   01/03/2013 Año II, Nº 4 - mar. 2013   H349.2 TRA 4 R07226 10/04/2026 10/04/2026 Numero
        Biblioteca Prof. Eusebio Cleto del Rey Biblioteca Prof. Eusebio Cleto del Rey   01/12/2012 Año I, Nº 3 - dic. 2012   H349.2 TRA 3 R06304 10/04/2026 10/04/2026 Numero
        Biblioteca Prof. Eusebio Cleto del Rey Biblioteca Prof. Eusebio Cleto del Rey   01/09/2012 Año I, Nº 2 - sep. 2012   H349.2 TRA 2 R05941 10/04/2026 10/04/2026 Numero
        Biblioteca Prof. Eusebio Cleto del Rey Biblioteca Prof. Eusebio Cleto del Rey   01/09/2012 Año I, Nº 2 - sep. 2012   H349.2 TRA 2 Ej.2 R05929 10/04/2026 10/04/2026 Numero
        Biblioteca Prof. Eusebio Cleto del Rey Biblioteca Prof. Eusebio Cleto del Rey   01/05/2012 Año I, Nº 1 - mayo 2012   H349.2 TRA 1 R05927 10/04/2026 10/04/2026 Numero
        Biblioteca Prof. Eusebio Cleto del Rey Biblioteca Prof. Eusebio Cleto del Rey   01/05/2012 Año I, Nº 1 - mayo 2012   H349.2 TRA 1 Ej.2 R05928 10/04/2026 10/04/2026 Numero